Materials and Processes for Spacecraft and High Reliability Applications /
Enregistré dans:
| Auteur principal: | |
|---|---|
| Format: | Livre |
| Langue: | anglais |
| Publié: |
Cham
Springer
2016
|
| Collection: | Springer Praxis Books
|
| Tags: |
Pas de tags, Soyez le premier à ajouter un tag!
|
MARC
| LEADER | 00000nam a22000003a 4500 | ||
|---|---|---|---|
| 001 | 0025012 | ||
| 003 | SK-STU | ||
| 005 | 20170704140348.5 | ||
| 007 | ta | ||
| 008 | 170704s ----xo-----e------000-0-----d | ||
| 020 | |a 978-3-319-23361-1 | ||
| 022 | |a 2365-9599 | ||
| 040 | |a STU |b slo | ||
| 041 | 0 | |a eng | |
| 100 | 1 | |a Dunn, Barrie D. |4 aut | |
| 245 | 1 | 0 | |a Materials and Processes for Spacecraft and High Reliability Applications / |c aut. Barrie D Dunn |
| 260 | |a Cham |b Springer |c 2016 | ||
| 300 | |a 667 s. | ||
| 490 | 0 | |a Springer Praxis Books | |
| 996 | |b 284M087279 |c M* 13957-1 |l MMKN |s A |a 24 |w 0025012_0001 | ||